Missing Word: Popular Science Books Quiz Stats

 Plays Quiz Updated Jul 5, 2018

Challenge
Share
Tweet
Embed
Score 0/20 Timer 03:00
0 Plays Today
Book Title Word % Correct
A _____ History of Time
Stephen Hawking
Brief
89.2%
On the ______ of Species
Charles Darwin
Origin
89.2%
The ___ Who Mistook His Wife for a Hat
Oliver Sacks
Man
87.4%
Death by _____ Hole
Neil deGrasse Tyson
Black
87%
A Short History of Nearly __________
Bill Bryson
Everything
85.3%
The _____ Stuff
Tom Wolfe
Right
80.4%
The ______ Helix
James Watson
Double
80.1%
Pale ____ Dot
Carl Sagan
Blue
61.8%
The Immortal ____ of Henrietta Lacks
Rebecca Skloot
Life
54.7%
______ Spring
Rachel Carson
Silent
46%
Book Title Word % Correct
The Physics of Star ____
Lawrence Krauss
Trek
41.9%
The Selfish ____
Richard Dawkins
Gene
34.8%
The Perfect _____
Sebastian Junger
Storm
32.3%
Surely You're Joking, Mr. _______
Richard Feynman
Feynman
26.9%
Guns, Germs, and _____
Jared Diamond
Steel
26.4%
Packing for _____
Mary Roach
Mars
20.1%
The Signal and the _____
Nate Silver
Noise
16.7%
The Elegant ________
Brian Greene
Universe
12.5%
_____ Worlds
Michio Kaku
Parallel
7.3%
The _____ That Changes Itself
Norman Doidge
Brain
7.3%

Today's Daily Dose

You're not logged in!

Compare scores with friends on all Sporcle quizzes.
Join for Free
OR
Log In

You Might Also Like...

Show Comments

Extras

Top Quizzes Today


Score Distribution

Your Account Isn't Verified!

In order to create a playlist on Sporcle, you need to verify the email address you used during registration. Go to your Sporcle Settings to finish the process.

Report this User

Report this user for behavior that violates our Community Guidelines.

Details: